000 00540nam a2200181Ia 4500
999 _c30055
_d30055
003 OSt
005 20201214151052.0
008 190216s9999||||xx |||||||||||||| ||und||
020 _a9788187480617
040 _coclc
082 _a894.8124
_bGOP/S
100 _aGopalakrishnan, Naduvattom
_97232
245 0 _aSamskara Mudrakal /
_cNaduvattom Gopalakrishnan
260 _bMaluben Publications,
_c2009.
_aTrivandrum;
300 _a196p
650 _aMalayalam
942 _cBK
_2ddc
_h894.8124
_iGOP/S
_k894.8124
_mGOP/S